000 00556nam a22001937a 4500
003 OSt
005 20250729103838.0
008 241126b |||||||| |||| 00| 0 spa d
020 _a9586023524
037 _bDonación
040 _aCO-JMCR
_bspa
_cCO-JMCR
_dCO-JMCR
_erda
041 0 _aspa
082 0 4 _aA-N
_bBENc1
_223
100 1 _aBenítez, Juan José,
_d1946-
_943918
245 1 0 _aCaballo de Troya /
_cJuan José Benítez.
260 _aBogotá D.C. :
_bEditorial Printer Colombiana :
_c1988.
300 _a504 páginas :
_c20 cm.
942 _2ddc
_cBK
999 _c30889
_d17273